000 00338 a2200145 4500
001 153701
040 _cEscola São Tomás de Aquino
100 _aJOLY,Fanny
240 1 0 _aQuem tem medo de dragão?
_lpor
245 1 0 _aQuem tem medo de dragão?
362 0 _a2013
440 1 _aScipione
697 _a*LITERATURA INFANTO
942 _cBK
999 _c153701
_d153701